| 000 | 00565nam a22001457a 4500 | ||
|---|---|---|---|
| 003 | 0 | ||
| 005 | 20221115091712.0 | ||
| 008 | 221115b xxu||||| |||| 00| 0 eng d | ||
| 050 |
_aHD 5701 _b.F47 2019 |
||
| 245 |
_aSouthville International school and colleges basic education online profiling system for counseling and psychological services (SBOPS) _cIrish Nicole N. Fernando |
||
| 260 |
_aLas Pinas City, Philippines _bSouthville International school and colleges _cC2019 |
||
| 300 |
_a107pp. _c28cm. _fTheses |
||
| 500 | _aOnline profiling system. | ||
| 942 |
_2lcc _cTH |
||
| 999 |
_c364878 _d364878 |
||